000 00443nam a2200181Ia 4500
001 2690
005 20260306144825.0
008 260306t1999||||xx |||||||||||||| ||spa||
041 _aESP
082 _a211.1
_bA72
100 _aArias, Juan
_eAUT
245 0 _aUm Deus para 2000:
_bcontra o medo e a favor da felicidade
260 _c1999
300 _a160 páginas :
_c21 cm.
650 _aGEN
654 _aCHU
942 _cLIB
_dJUS
_fJUS
_2ddc
_n
999 _c2690
_d2690